| 000 | 00433nam a2200097Ia 4500 | ||
|---|---|---|---|
| 008 | 180130s9999 xx 000 0 und d | ||
| 245 |
_cDe Ruiter, Corin; Kaser-Boyd, Nancy _aMistakes or malpractice: ethics in the practice of forensic psychological assessment |
||
| 260 | _c2015 | ||
| 300 | _aBook title: Forensic psychological assessment in practice : case studies--Acession number C20214; pages 214-236 | ||
| 650 | _aFORENSIC PSYCHIATRY | ||
| 999 |
_c353875 _d353875 |
||